| 000 | 004910000a22001810004500 | ||
|---|---|---|---|
| 999 |
_c5732 _d5732 |
||
| 003 | LSTLib | ||
| 008 | 200723b ||||| |||| 00| 0 eng d | ||
| 082 |
_a347.64 _bMOW |
||
| 245 | _aLewin on trusts | ||
| 250 | _a16 | ||
| 260 |
_aLondon _bSweet & Maxwell _c1964 |
||
| 300 | _a878 | ||
| 440 |
_aProperty and conveyancing library _nNo.4 _97084 |
||
| 650 |
_aGreat Britain _97085 |
||
| 650 |
_aTrusts _97062 |
||
| 700 |
_aMowbray, W.J. _97086 |
||
| 942 |
_cTB _k347.64 _mMOW _2ddc |
||